| 000 | 00957nmc a2200361 a 4500 | ||
|---|---|---|---|
| 003 | AR-BaBNM | ||
| 005 | 20251128203601.0 | ||
| 008 | 046119s1968 ||||||||||||||000 | spa|| | ||
| 040 | _cAR-BaBNM | ||
| 100 | 1 | _aBrugger, Ilse M. de | |
| 245 | 1 | 0 | _aEl teatro alemán |
| 260 |
_aBuenos Aires _bCentro Editor de América Latina _c1968 |
||
| 300 | 0 |
_a91 p. _bil. |
|
| 490 | 0 | _aEnciclopedia de teatro. Historia | |
| 500 | 0 | _aContiene referencias bibliográficas en p. 90 | |
| 650 | 4 | _aLITERATURA ALEMANA | |
| 650 | 4 | _aHISTORIA DEL TEATRO | |
| 650 | 4 | _aRENACIMIENTO | |
| 650 | 4 | _aCLASICISMO | |
| 650 | 4 | _aROMANTICISMO | |
| 650 | 4 | _aREALISMO | |
| 650 | 4 | _aLITERATURA MEDIEVAL | |
| 653 | 0 | _aTEATRO RELIGIOSO | |
| 653 | 0 | _aCRITICA TEATRAL | |
| 653 | 0 | _aBARROCO | |
| 653 | 0 | _aILUSTRACION | |
| 653 | 0 | _aNATURALISMO | |
| 653 | 0 | _aEXPRESIONISMO | |
| 655 | _aLITERATURA | ||
| 800 | 1 |
_aOrdaz, Luis _edirector |
|
| 942 | _cBK | ||
| 998 | _cMARTIN | ||
| 999 |
_c4006 _d4006 |
||